ETHICAL MANAGEMENT FOR PUBLIC SERVICES (Record no. 2451)

MARC details
000 -LEADER
fixed length control field 00500nam a22001817a 4500
003 - CONTROL NUMBER IDENTIFIER
control field OSt
005 - DATE AND TIME OF LATEST TRANSACTION
control field 20190827104106.0
008 - FIXED-LENGTH DATA ELEMENTS--GENERAL INFORMATION
fixed length control field 151106b xxu||||| |||| 00| 0 eng d
020 ## - INTERNATIONAL STANDARD BOOK NUMBER
International Standard Book Number 0335205313
040 ## - CATALOGING SOURCE
Transcribing agency DDC
082 ## - DEWEY DECIMAL CLASSIFICATION NUMBER
Classification number 330 GES 1996.
100 ## - MAIN ENTRY--PERSONAL NAME
Personal name LAWTON ALAN
9 (RLIN) 6023
245 ## - TITLE STATEMENT
Title ETHICAL MANAGEMENT FOR PUBLIC SERVICES
Remainder of title MANAGING THE PUBLIC SERVICES
260 ## - PUBLICATION, DISTRIBUTION, ETC. (IMPRINT)
Place of publication, distribution, etc. Hong kong
Name of publisher, distributor, etc. Open University Press
Date of publication, distribution, etc. 1998
300 ## - PHYSICAL DESCRIPTION
Extent viii,167p;
Other physical details ill:
Dimensions 24cm
650 ## - SUBJECT ADDED ENTRY--TOPICAL TERM
Topical term or geographic name as entry element Management
9 (RLIN) 364
942 ## - ADDED ENTRY ELEMENTS (KOHA)
Source of classification or shelving scheme Dewey Decimal Classification
Koha item type Short Loan
Holdings
Withdrawn status Lost status Source of classification or shelving scheme Damaged status Not for loan Home library Current library Date acquired Source of acquisition Inventory number Total Checkouts Barcode Date last seen Price effective from Koha item type
    Dewey Decimal Classification     MUST Main Library MUST Main Library 06/11/2015   03/18161   2015-2471 06/11/2015 06/11/2015 Short Loan
    Dewey Decimal Classification     MUST Main Library MUST Main Library 27/08/2019 Donation 03/18163   2019-0238 27/08/2019 27/08/2019 Open Shelf